| 000 | 00523 a2200169 4500 | ||
|---|---|---|---|
| 001 | 143511 | ||
| 040 | _cLeonardo Da Vinci | ||
| 041 | _aPortuguês | ||
| 082 |
_a001.42 G971 _bG971 |
||
| 245 |
_aGuia _bpara a elaboração de dissertações e teses |
||
| 260 |
_bIPEN _c2002 _aSão Paulo |
||
| 300 | _a93 | ||
| 362 | _a20020000 | ||
| 500 | _aOrgazação de Mery P. Zamudio Igami e Lia Maria CArlitti Zaepelon | ||
| 697 |
_aDissertaçoes _aTrabalho científico _aSumário _aElaboração de referências _aFIPEN |
||
| 942 | _cBK | ||
| 999 |
_c143511 _d143511 |
||